|
|
|
|
| LEADER |
00000nbm0a2200000 4500 |
| 001 |
154909 |
| 005 |
20231031152049.0 |
| 029 |
0 |
0 |
|a SU
|b 01860078280
|f ТПУ
|
| 035 |
|
|
|a (RuTPU)RU\TPU\book\168015
|
| 035 |
|
|
|a RU\TPU\book\165722
|
| 090 |
|
|
|a 154909
|
| 100 |
|
|
|a 20090305d1986 k y0rusy50 ca
|
| 101 |
0 |
|
|a rus
|
| 102 |
|
|
|a RU
|
| 105 |
|
|
|a a p 001zy
|
| 200 |
1 |
|
|a Изучение состава и исследование процессов глубокой переработки нефтей месторождений Западной Сибири
|a Исследование бензиновых фракций нефтей Западной Сибири как сырья нефтехимических процессов
|e промежуточный отчет о НИР
|e проблема 06
|e тема: 01.04.2.14.005
|f Томский политехнический институт (ТПИ) ; рук. А. В. Кравцов, Н. А. Сваровская
|
| 210 |
|
|
|a Томск
|d 1986
|
| 215 |
|
|
|a 49 л.
|
| 320 |
|
|
|a Библиогр.: с. 47-49.
|
| 610 |
1 |
|
|a отчеты о НИР
|
| 610 |
1 |
|
|a переработка
|
| 610 |
1 |
|
|a состав
|
| 610 |
1 |
|
|a месторождения
|
| 610 |
1 |
|
|a Западная Сибирь
|
| 610 |
1 |
|
|a нефтяные системы
|
| 610 |
1 |
|
|a процессы
|
| 610 |
1 |
|
|a бензиновые фракции
|
| 610 |
1 |
|
|a риформинг
|
| 610 |
1 |
|
|a нефть
|
| 610 |
1 |
|
|a пиролиз
|
| 610 |
1 |
|
|a товарные свойства
|
| 610 |
1 |
|
|a исследование
|
| 675 |
|
|
|a 665.62(04)
|v 3
|
| 702 |
|
1 |
|a Кравцов
|b А. В.
|c химик-технолог
|c профессор-консультант Томского политехнического университета, доктор технических наук
|f 1938-
|g Анатолий Васильевич
|2 stltpush
|3 (RuTPU)RU\TPU\pers\19827
|4 673
|
| 702 |
|
1 |
|a Сваровская
|b Н. А.
|g Наталья Алексеевна
|4 677
|
| 712 |
0 |
2 |
|a Томский политехнический институт (ТПИ)
|c (1944-1991)
|2 stltpush
|3 (RuTPU)RU\TPU\col\1123
|4 595
|
| 801 |
|
1 |
|a RU
|b 63413507
|c 20090205
|g PSBO
|
| 801 |
|
2 |
|a RU
|b 63413507
|c 20190206
|g PSBO
|
| 942 |
|
|
|c BK
|